| 000 | 00346nam a2200121Ia 4500 | ||
|---|---|---|---|
| 008 | 230907s9999||||xx |||||||||||||| ||und|| | ||
| 082 |
_a3.54 _bRIC |
||
| 100 |
_aRichardson, Thomas J. _9115885 |
||
| 245 | 0 | _aModern coding theory / | |
| 260 |
_aCambridge University Press, _bCambridge ; | New York : _c2008 |
||
| 300 | _axvi, 572 p. : | ||
| 942 | _cBK | ||
| 999 |
_c600688 _d600688 |
||